00468nam a2200169Ia 450000500170000000800410001704000190005804100120007708200130008910000190010224500900012126000260021130000170023750400220025465000120027685000100028820241105114014.0131103s9999 xx 000 0 und d aLoreto College aEnglish a900bFAR aFarro, Charles aa religious and cultural History of India World development since 1945cCharles Farro aBombaybGeneralc1994 a176p.b pic. aIncludes appendix aHistory aLCBED